[Event "Rennes Paul Bert-Evry Grand Roque II"]
[Site "Rennes"]
[Date "2008.03.16"]
[Round "9.1"]
[White "Monroy, Charles"]
[Black "Moussard, Jules"]
[Result "1/2-1/2"]
[WhiteElo "2390"]
[BlackElo "2241"]
[PlyCount "31"]
[EventDate "2008.03.16"]
[SourceDate "2007.10.25"]

1. Nf3 Nf6 2. c4 c5 3. g3 g6 4. Bg2 Bg7 5. O-O O-O 6. d4 cxd4 7. Nxd4 Nc6 8.
Nc3 Qb6 9. Nb3 d6 10. Bg5 Be6 11. Nd5 Bxd5 12. cxd5 Ne5 13. Be3 Qa6 14. Bd4
Rac8 15. e4 Nfd7 16. Bh3 1/2-1/2

[Event "Rennes Paul Bert-Evry Grand Roque II"]
[Site "Rennes"]
[Date "2008.03.16"]
[Round "9.2"]
[White "Justo, Damian"]
[Black "Demanghon, Jonathan"]
[Result "1/2-1/2"]
[WhiteElo "2329"]
[BlackElo "2221"]
[PlyCount "160"]
[EventDate "2008.03.16"]
[SourceDate "2007.10.25"]

1. d4 d5 2. c4 c6 3. Nf3 Nf6 4. e3 e6 5. Nbd2 c5 6. cxd5 exd5 7. Bb5+ Bd7 8.
Bxd7+ Nbxd7 9. b3 cxd4 10. Nxd4 Bb4 11. Bb2 Ne4 12. N4f3 Qa5 13. Bd4 Rc8 14. a3
Bc3 15. Bxc3 Nxc3 16. Qc2 O-O 17. Nc4 dxc4 18. b4 Qa4 19. Qxc3 Nf6 20. O-O Rfd8
21. Nd4 Ne4 22. Qc1 Ng5 23. Ra2 Ne6 24. Nxe6 fxe6 25. Rc2 b5 26. Rc3 Rc6 27.
Qb1 Rcd6 28. Qe4 Qd1 29. Qe5 Qd5 30. Qg3 Qf5 31. h3 Rd5 32. Re1 Rd2 33. e4 Qf6
34. Ree3 h6 35. Rf3 Qd4 36. Rce3 Rd3 37. Qc7 Rd1+ 38. Kh2 Qd6+ 39. Qxd6 R8xd6
40. Kg3 R1d3 41. h4 Rxe3 42. Rxe3 Kf7 43. h5 Rd2 44. e5 Rb2 45. Kf3 Ke7 46. Rc3
Rb3 47. Re3 c3 48. Ke2 Rxa3 49. Rg3 Kf7 50. Rf3+ Ke8 51. Rf4 a5 52. bxa5 Rxa5
53. Kd3 b4 54. Rxb4 Rxe5 55. Kxc3 Rxh5 56. Kd3 Re5 57. Rb7 Rd5+ 58. Ke4 Rd7 59.
Rb8+ Kf7 60. g3 Ra7 61. Rb5 Kf6 62. Kf3 Ra4 63. Rc5 g6 64. Rb5 h5 65. Rc5 e5
66. Rc8 e4+ 67. Kg2 Kf5 68. Rf8+ Ke5 69. Re8+ Kf6 70. Rf8+ Ke7 71. Rb8 Ra6 72.
Rb4 Re6 73. Kf1 Kf6 74. Kg2 Kf5 75. Rb8 e3 76. Rb5+ Kf6 77. fxe3 Rxe3 78. Ra5
Re5 79. Ra4 Kf5 80. Rf4+ Kg5 1/2-1/2

[Event "Rennes Paul Bert-Evry Grand Roque II"]
[Site "Rennes"]
[Date "2008.03.16"]
[Round "9.3"]
[White "Bleuzen, Erwan"]
[Black "Maisuradze, Nino"]
[Result "1/2-1/2"]
[WhiteElo "2022"]
[BlackElo "2270"]
[PlyCount "64"]
[EventDate "2008.03.16"]
[SourceDate "2007.10.25"]

1. d4 d5 2. c4 e6 3. Nf3 Nf6 4. Nc3 Be7 5. e3 O-O 6. Qc2 Nbd7 7. Bd3 c5 8. O-O
cxd4 9. exd4 dxc4 10. Bxc4 Nb6 11. Bd3 Nbd5 12. a3 a6 13. Bg5 g6 14. Bh6 Re8
15. Ne5 Bf8 16. Bg5 Qb6 17. Rad1 Bg7 18. Qe2 Nxc3 19. bxc3 Nd5 20. Bd2 Qd6 21.
c4 Ne7 22. Bb4 Qc7 23. Qf3 Nf5 24. Bxf5 exf5 25. Rfe1 Be6 26. d5 Bxe5 27. d6
Bxh2+ 28. Kxh2 Qxc4 29. d7 Qc7+ 30. Bd6 Qxd7 31. Bb4 Qc7+ 32. Bd6 Qc6 {
suite illisible} 1/2-1/2

[Event "Rennes Paul Bert-Evry Grand Roque II"]
[Site "Rennes"]
[Date "2008.03.16"]
[Round "9.4"]
[White "Guillon, Cyril"]
[Black "Rivet, Gilles"]
[Result "1/2-1/2"]
[WhiteElo "2212"]
[BlackElo "2101"]
[PlyCount "70"]
[EventDate "2008.03.16"]
[SourceDate "2007.10.25"]

1. e4 e5 2. Nf3 Nf6 3. Nc3 Bb4 4. Bc4 O-O 5. O-O Nc6 6. Re1 d6 7. h3 Be6 8. Qe2
Nd7 9. a3 Bc5 10. Na4 Bxc4 11. Qxc4 Nb6 12. Nxb6 Bxb6 13. d3 Qf6 14. Be3 Qe6
15. Nd2 Bxe3 16. Rxe3 Qxc4 17. Nxc4 Nd4 18. Rc1 f5 19. c3 Nb3 20. Rd1 fxe4 21.
dxe4 b5 22. Nd2 Nxd2 23. Rxd2 a5 24. c4 bxc4 25. Rc3 Rfb8 26. Rxc4 Rb7 27. Kf1
Kf7 28. Ke1 Ke6 29. Kd1 c5 30. Rc3 Rf8 31. Rcd3 Rb6 32. Kc2 Rfb8 33. Kc1 Rf8
34. Kc2 Rfb8 35. Kc1 Rf8 1/2-1/2

[Event "Rennes Paul Bert-Evry Grand Roque II"]
[Site "Rennes"]
[Date "2008.03.16"]
[Round "9.5"]
[White "Le Montagner, Yoann"]
[Black "Roumegous, Etienne"]
[Result "1/2-1/2"]
[WhiteElo "2026"]
[BlackElo "2097"]
[PlyCount "101"]
[EventDate "2008.03.16"]
[SourceDate "2007.10.25"]

1. e4 e6 2. Qe2 c5 3. Nf3 Nf6 4. g3 d5 5. exd5 Nxd5 6. Bg2 Nc6 7. O-O Be7 8. d3
O-O 9. Nbd2 Qc7 10. Nb3 Rd8 11. d4 cxd4 12. Nbxd4 Bd7 13. c4 Nxd4 14. Nxd4 Nb6
15. b3 Bf6 16. Bb2 Be8 17. Rad1 a5 18. Qh5 Nd7 19. Be4 Nf8 20. Nb5 Bxb5 21.
Bxf6 Rxd1 22. Rxd1 Bc6 23. Be5 Qe7 24. Bd6 Qf6 25. Bxc6 bxc6 26. Bxf8 Rxf8 27.
Qxa5 h6 28. Qc7 Qf3 29. Rd8 Rxd8 30. Qxd8+ Kh7 31. Qd4 h5 32. Qe3 Qf5 33. a4 h4
34. gxh4 Qb1+ 35. Kg2 Qg6+ 36. Qg3 Qe4+ 37. Qf3 Qg6+ 38. Kh3 e5 39. a5 c5 40.
Qg3 Qf5+ 41. Kg2 Qe4+ 42. f3 Qc2+ 43. Kh3 Qxb3 44. Qg4 Qa3 45. Qe4+ Kh6 46.
Qc6+ g6 47. a6 f5 48. Qa8 Kg7 49. Qb7+ Kh6 50. a7 e4 51. Kg2 1/2-1/2

[Event "Rennes Paul Bert-Evry Grand Roque II"]
[Site "Rennes"]
[Date "2008.03.16"]
[Round "9.6"]
[White "Betton, Olivier"]
[Black "Favarel, Camille"]
[Result "1-0"]
[WhiteElo "2197"]
[BlackElo "2098"]
[PlyCount "83"]
[EventDate "2008.03.16"]
[SourceDate "2007.10.25"]

1. c4 Nf6 2. g3 c5 3. Bg2 Nc6 4. Nc3 g6 5. a3 Bg7 6. Rb1 O-O 7. b4 d6 8. e3 Be6
9. Nd5 Bxd5 10. cxd5 Ne5 11. d4 cxd4 12. Qxd4 Rc8 13. Ne2 Rc4 14. Qd1 Qc7 15.
O-O Rc8 16. Nd4 a6 17. Bb2 Ned7 18. Re1 Qd8 19. Bf1 R4c7 20. e4 Nb6 21. Bc1 Qd7
22. b5 a5 23. a4 h5 24. Nc6 h4 25. Be3 Nxa4 26. Qxa4 hxg3 27. hxg3 bxc6 28.
dxc6 Qg4 29. Bb6 Nd5 30. Bxc7 Nc3 31. Qc4 Nxb1 32. Bxa5 Na3 33. Qd3 Nxb5 34.
Qxb5 Bd4 35. Qd3 Bc5 36. c7 Kg7 37. Qc3+ e5 38. Ba6 Rh8 39. c8=Q Bxf2+ 40. Kxf2
Rh2+ 41. Kg1 Qh5 42. Bf1 1-0

[Event "Rennes Paul Bert-Evry Grand Roque II"]
[Site "Rennes"]
[Date "2008.03.16"]
[Round "9.7"]
[White "Le Bail, Clara"]
[Black "Guyard, Rodolphe"]
[Result "1/2-1/2"]
[WhiteElo "2035"]
[BlackElo "2115"]
[PlyCount "87"]
[EventDate "2008.03.16"]
[SourceDate "2007.10.25"]

1. e4 c5 2. c3 d5 3. exd5 Qxd5 4. d4 Nc6 5. Nf3 Bg4 6. Be2 cxd4 7. cxd4 e6 8.
Nc3 Bb4 9. O-O Qd7 10. Be3 Nf6 11. Qb3 Qe7 12. Rfd1 h6 13. d5 exd5 14. Nxd5
Nxd5 15. Qxd5 O-O 16. a3 Rfd8 17. Qc4 Be6 18. Qe4 Bb3 19. Rxd8+ Rxd8 20. Qg4
Be6 21. Qe4 Bd5 22. Qg4 Be6 23. Qe4 Bd5 24. Qxe7 Bxe7 25. b4 a6 26. Rd1 Bb3 27.
Rxd8+ Bxd8 28. Nd4 Nxd4 29. Bxd4 Bd5 30. g3 Be7 31. Kf1 Kf8 32. Ke1 g6 33. Kd2
Ke8 34. Kd3 Kd7 35. f4 f5 36. Bg7 h5 37. Kd4 Ke6 38. Be5 b5 39. Bd1 Bf8 40. Be2
Be7 41. Bh8 Bd6 42. Bg7 Be7 43. Bd3 Bd6 44. Bc2 1/2-1/2

[Event "Rennes Paul Bert-Evry Grand Roque II"]
[Site "Rennes"]
[Date "2008.03.16"]
[Round "9.8"]
[White "Neuhauser, Salome"]
[Black "Bleuzen, Cedric"]
[Result "1-0"]
[WhiteElo "1954"]
[BlackElo "2022"]
[PlyCount "49"]
[EventDate "2008.03.16"]
[SourceDate "2007.10.25"]

1. e4 e6 2. d3 d5 3. Nd2 Nf6 4. Ngf3 b6 5. g3 Bb7 6. Bg2 c5 7. O-O Qc7 8. Re1
Nc6 9. exd5 Nxd5 10. Nc4 O-O-O 11. a4 Be7 12. Ng5 Bf6 13. Ne4 Be7 14. Bd2 f6
15. Nc3 Nd4 16. Nb5 Qd7 17. Nxa7+ Kb8 18. Nb5 Nxb5 19. axb5 e5 20. Qe2 Rhe8 21.
f4 exf4 22. Bxd5 Qxd5 23. Bxf4+ Bd6 24. Bxd6+ Rxd6 25. Qxe8+ 1-0

[Event "Bagneux-Cergy Pontoise"]
[Site "Pontoise"]
[Date "2008.03.16"]
[Round "9.2"]
[White "Marcantoni, Herve"]
[Black "Sinkovics, Peter"]
[Result "0-1"]
[WhiteElo "2211"]
[BlackElo "2355"]
[PlyCount "54"]
[EventDate "2008.03.16"]
[SourceDate "2007.10.25"]

1. e4 e5 2. Nf3 Nc6 3. Bb5 a6 4. Ba4 Nf6 5. O-O Be7 6. Re1 b5 7. Bb3 d6 8. c3
O-O 9. d4 Bg4 10. Be3 exd4 11. cxd4 Na5 12. Bc2 Nc4 13. Bc1 c5 14. b3 Nb6 15.
d5 Nfxd5 16. exd5 Bf6 17. Nc3 b4 18. Qd3 g6 19. Ne4 Bxa1 20. Bg5 f6 21. Rxa1
fxg5 22. Nfxg5 Qe7 23. Bd1 Qe5 24. Rb1 Bf5 25. Bf3 Nxd5 26. Qc4 Kg7 27. Rd1 Nb6
0-1

[Event "Bagneux-Cergy Pontoise"]
[Site "Pontoise"]
[Date "2008.03.16"]
[Round "9.3"]
[White "Dussart, Frederic"]
[Black "Cathelineau, Didier"]
[Result "0-1"]
[WhiteElo "2260"]
[BlackElo "2183"]
[PlyCount "78"]
[EventDate "2008.03.16"]
[SourceDate "2007.10.25"]

1. e4 e5 2. Nf3 Nf6 3. Nxe5 d6 4. Nf3 Nxe4 5. d4 d5 6. Bd3 Be7 7. O-O O-O 8. c4
Re8 9. Nc3 Nxc3 10. bxc3 Be6 11. cxd5 Bxd5 12. Ne5 Nc6 13. f4 Nxe5 14. fxe5 Be6
15. Qf3 c6 16. Be3 Qd5 17. Qh5 g6 18. Qh6 b5 19. h4 Bf8 20. Qf4 Rab8 21. h5 Qd7
22. Rf3 b4 23. hxg6 fxg6 24. c4 a5 25. Rd1 Bg7 26. Qh4 Rf8 27. Rxf8+ Rxf8 28.
Be2 Bf5 29. Bh6 a4 30. Bxg7 Kxg7 31. d5 Qa7+ 32. Kh1 b3 33. Rd2 Qe3 34. Qe1 Be4
35. dxc6 Bxc6 36. Rd3 Qf2 37. Qg1 Qxg1+ 38. Kxg1 b2 39. Rd1 Be4 0-1

[Event "Bagneux-Cergy Pontoise"]
[Site "Pontoise"]
[Date "2008.03.16"]
[Round "9.4"]
[White "Jaulin, Marc"]
[Black "Gollain, Marc"]
[Result "0-1"]
[WhiteElo "2140"]
[BlackElo "2193"]
[PlyCount "64"]
[EventDate "2008.03.16"]
[SourceDate "2007.10.25"]

1. e4 e5 2. Nf3 Nc6 3. Bb5 a6 4. Ba4 Nf6 5. Qe2 b5 6. Bb3 Bc5 7. d3 d6 8. c3 h6
9. Be3 O-O 10. O-O Rb8 11. Nbd2 Bb6 12. Bxb6 Rxb6 13. a3 Nh5 14. Kh1 Nf4 15.
Qe3 Bg4 16. g3 Ng6 17. Kg2 Nce7 18. Ng1 Kh7 19. f4 f5 20. h3 exf4 21. gxf4 Bh5
22. Bd1 Bxd1 23. Raxd1 Qd7 24. Ne2 Rbb8 25. Nf3 Rbe8 26. Nh2 Qc6 27. Kg1 fxe4
28. Qxe4 Nd5 29. Qg2 Qb6+ 30. Kh1 Ne3 31. Qf3 Nxd1 32. Rxd1 Qe3 0-1

[Event "Bagneux-Cergy Pontoise"]
[Site "Pontoise"]
[Date "2008.03.16"]
[Round "9.5"]
[White "Goerlinger, Stephane"]
[Black "Hameau, Cyril"]
[Result "0-1"]
[WhiteElo "2210"]
[BlackElo "2082"]
[PlyCount "72"]
[EventDate "2008.03.16"]
[SourceDate "2007.10.25"]

1. e4 d5 2. exd5 Qxd5 3. Nc3 Qd6 4. d4 Nf6 5. g3 Bg4 6. Qd3 Nc6 7. Nge2 O-O-O
8. Bf4 Qd7 9. O-O-O e6 10. Bg2 Nb4 11. Qc4 Nfd5 12. Rd2 a6 13. a3 Nb6 14. Qb3
N4d5 15. Nxd5 exd5 16. Nc3 h6 17. Rd3 Be7 18. Nd1 Be2 19. Rd2 Bc4 20. Qf3 g5
21. Be3 f5 22. Nc3 g4 23. Qd1 Na4 24. Nxa4 Qxa4 25. Bf1 Rd6 26. Bxc4 Qxc4 27.
Rd3 Qa2 28. Rb3 Rc6 29. Kd2 a5 30. Qe2 a4 31. Rb5 Bxa3 32. Qd3 Bxb2 33. Qxf5+
Kb8 34. Qxd5 Qxd5 35. Rxd5 a3 36. Ra5 Bc3+ 0-1

[Event "Bagneux-Cergy Pontoise"]
[Site "Pontoise"]
[Date "2008.03.16"]
[Round "9.6"]
[White "Yacob, Francois"]
[Black "Vinzani, Hubert"]
[Result "1-0"]
[WhiteElo "2174"]
[BlackElo "2016"]
[PlyCount "71"]
[EventDate "2008.03.16"]
[SourceDate "2007.10.25"]

1. e4 c5 2. Nf3 d6 3. d4 cxd4 4. Nxd4 Nf6 5. Nc3 g6 6. Be3 Bg7 7. f3 O-O 8. Qd2
Nc6 9. O-O-O d5 10. exd5 Nxd5 11. Nxc6 bxc6 12. Bd4 e5 13. Bc5 Be6 14. Ne4 f5
15. Ng5 Bh6 16. h4 Re8 17. Bc4 Kg7 18. Kb1 Bg8 19. Rhe1 Qc7 20. g4 fxg4 21.
fxg4 Rab8 22. Bb3 Rb5 23. Bf2 Rb7 24. Bg3 Nf6 25. Qe2 Rb5 26. Bxg8 Kxg8 27.
Qc4+ Rd5 28. Nf3 Qf7 29. Qa4 e4 30. Ne5 Rexe5 31. Bxe5 Rxe5 32. g5 Bxg5 33.
hxg5 Rxg5 34. Qxc6 Rf5 35. Rd8+ Kg7 36. Rb8 1-0

[Event "Bagneux-Cergy Pontoise"]
[Site "Pontoise"]
[Date "2008.03.16"]
[Round "9.7"]
[White "Massimi, Pierre"]
[Black "Ricroque, Jean Pierre"]
[Result "1-0"]
[WhiteElo "1918"]
[BlackElo "1987"]
[PlyCount "109"]
[EventDate "2008.03.16"]
[SourceDate "2007.10.25"]

1. e4 c5 2. Nf3 d6 3. d4 cxd4 4. Nxd4 Nf6 5. Nc3 a6 6. Bg5 e6 7. Qd2 h6 8. Bh4
Nxe4 9. Qe3 Qxh4 10. Nxe4 d5 11. Ng3 Bc5 12. O-O-O O-O 13. Qc3 Be7 14. Qc7 Bf6
15. Nf3 Qb4 16. c3 Qe7 17. Qb6 Nd7 18. Qe3 b5 19. Bd3 e5 20. Nf5 Qe6 21. Bc2
Bb7 22. h4 e4 23. N3d4 Bxd4 24. Nxd4 Qf6 25. g4 Ne5 26. g5 Qg6 27. gxh6 Qxh6
28. Qxh6 gxh6 29. Nf5 Kh7 30. Nd6 Bc6 31. Nf5 Rad8 32. Nd4 Bb7 33. f3 Rd6 34.
fxe4 dxe4 35. Rhf1 Nc4 36. Rde1 f5 37. Rxf5 Rxf5 38. Nxf5 Rf6 39. Ng3 Kh8 40.
Bxe4 Re6 41. Re2 Bxe4 42. Rxe4 Rg6 43. Ne2 Rf6 44. b3 Nd6 45. Re7 Nf5 46. Re4
Nd6 47. Rd4 Kh7 48. a4 h5 49. Rd5 Kh6 50. Ng3 bxa4 51. Rxh5+ Kg6 52. Rg5+ Kh6
53. bxa4 Rf3 54. Kc2 Nf7 55. Rf5 1-0

[Event "Bagneux-Cergy Pontoise"]
[Site "Pontoise"]
[Date "2008.03.16"]
[Round "9.8"]
[White "Oberlin, Cecile"]
[Black "Siger, Marie Laure"]
[Result "1-0"]
[WhiteElo "1640"]
[BlackElo "1499"]
[PlyCount "41"]
[EventDate "2008.03.16"]
[SourceDate "2007.10.25"]

1. e4 e5 2. Nf3 Nc6 3. Bc4 Nf6 4. O-O Bc5 5. Nc3 d6 6. d3 a6 7. a3 h6 8. Nd5
O-O 9. Nxf6+ Qxf6 10. c3 b5 11. Bd5 Bb7 12. Be3 Bxe3 13. fxe3 Rab8 14. Nd4 Nxd4
15. Rxf6 gxf6 16. Bxb7 Rxb7 17. exd4 Kh7 18. dxe5 dxe5 19. Qf3 Kg6 20. Rf1 c5
21. Qxf6+ 1-0

[Event "Bois Colombes II-Sautron"]
[Site "Sautron"]
[Date "2008.03.16"]
[Round "9.1"]
[White "Debeaune, Robin"]
[Black "Lubczynski, Rafal"]
[Result "0-1"]
[WhiteElo "2228"]
[BlackElo "2413"]
[PlyCount "78"]
[EventDate "2008.03.16"]
[SourceDate "2007.10.25"]

1. g3 d5 2. Bg2 Nf6 3. Nf3 g6 4. O-O c5 5. c4 d4 6. b4 cxb4 7. a3 b3 8. d3 Nc6
9. Nbd2 Bg7 10. Nxb3 O-O 11. a4 a5 12. Ne1 e5 13. Nc2 Bf5 14. Rb1 Qc7 15. Na3
Rfd8 16. Nb5 Qc8 17. Ba3 Bf8 18. Bxf8 Kxf8 19. Qc1 Kg7 20. Qa3 Rb8 21. Nd6 Qc7
22. Nxf5+ gxf5 23. Qc5 Rd6 24. Bxc6 Rxc6 25. Qxa5 b6 26. Qd2 f4 27. e3 dxe3 28.
fxe3 fxg3 29. hxg3 Nh5 30. Rf3 Rg6 31. Qh2 e4 32. dxe4 Nxg3 33. Rb2 Rd8 34. Nd4
Qxc4 35. Rxg3 Qc1+ 36. Kg2 Qxb2+ 37. Kh3 Qxh2+ 38. Kxh2 Rxg3 39. Kxg3 Ra8 0-1

[Event "Bois Colombes II-Sautron"]
[Site "Sautron"]
[Date "2008.03.16"]
[Round "9.2"]
[White "Pham Minh, Hoang"]
[Black "Bernard, Vincent"]
[Result "1-0"]
[WhiteElo "2473"]
[BlackElo "2189"]
[PlyCount "83"]
[EventDate "2008.03.16"]
[SourceDate "2007.10.25"]

1. d4 d5 2. c4 dxc4 3. e4 Nc6 4. Nf3 Bg4 5. Bxc4 e6 6. Be3 Bxf3 7. gxf3 Qf6 8.
Bb5 Bb4+ 9. Nc3 Nge7 10. a3 Ba5 11. Rg1 h6 12. Qa4 O-O-O 13. O-O-O Bb6 14. d5
exd5 15. Bxb6 cxb6 16. exd5 Na5 17. Rg4 Nf5 18. Kb1 Nd6 19. Ne4 Qxf3 20. Nxd6+
Rxd6 21. Rf4 Qb3 22. Qxb3 Nxb3 23. Ka2 a6 24. Kxb3 axb5 25. Rxf7 Rhd8 26. Rc1+
Kb8 27. Rcc7 g5 28. Rxb7+ Ka8 29. Ra7+ Kb8 30. Rfb7+ Kc8 31. Rh7 Kb8 32. Kb4
Rxd5 33. Rab7+ Ka8 34. Ra7+ Kb8 35. Rab7+ Ka8 36. Rxb6 Rf8 37. Ka5 Rf4 38. Rxb5
Rxb5+ 39. Kxb5 Rxf2 40. b4 Rf5+ 41. Kb6 Rf6+ 42. Ka5 1-0

[Event "Bois Colombes II-Sautron"]
[Site "Sautron"]
[Date "2008.03.16"]
[Round "9.3"]
[White "Frih, Ameur"]
[Black "Stephan, Jean Marie"]
[Result "1/2-1/2"]
[WhiteElo "2112"]
[BlackElo "2222"]
[PlyCount "84"]
[EventDate "2008.03.16"]
[SourceDate "2007.10.25"]

1. d4 Nf6 2. c4 g6 3. Nc3 d5 4. Nf3 Bg7 5. Bg5 Ne4 6. Bf4 Nxc3 7. bxc3 O-O 8.
e3 c5 9. Qb3 cxd4 10. exd4 Nc6 11. cxd5 Na5 12. Qa4 Qxd5 13. Be2 Bd7 14. Qb4 b6
15. O-O Rac8 16. Ba6 Rce8 17. Rfe1 Qf5 18. Ne5 Nc6 19. Nxc6 Bxc6 20. Be5 Qg4
21. Bg3 Bf6 22. h3 Qf5 23. Rad1 Rd8 24. Bd3 Qg5 25. Qa3 Rd7 26. Bc4 h5 27. Qc1
Qxc1 28. Rxc1 Rc8 29. Ba6 Rcd8 30. Be5 Bg5 31. Rb1 Bf6 32. f3 Kg7 33. Rb4 Bxe5
34. Rxe5 e6 35. Kf2 Bd5 36. Bb5 Rc7 37. c4 Bc6 38. Ke3 Bxb5 39. Rbxb5 Rdc8 40.
Kd3 Kf8 41. h4 Rd8 42. Ke4 Rdc8 1/2-1/2

[Event "Bois Colombes II-Sautron"]
[Site "Sautron"]
[Date "2008.03.16"]
[Round "9.4"]
[White "Tripoteau, Nicolas"]
[Black "Stenel, Vincent"]
[Result "1-0"]
[WhiteElo "2309"]
[BlackElo "2121"]
[PlyCount "101"]
[EventDate "2008.03.16"]
[SourceDate "2007.10.25"]

1. d4 e6 2. c4 f5 3. Nf3 Nf6 4. g3 Be7 5. Bg2 O-O 6. O-O c6 7. Qc2 d6 8. Nbd2
Qc7 9. e4 d5 10. cxd5 exd5 11. exf5 Ng4 12. f6 Nxf6 13. Re1 Bd6 14. Ng5 Qb6 15.
Ndf3 h6 16. Ne6 Re8 17. Bf4 Bxf4 18. Nxf4 Ne4 19. Nd2 Bf5 20. Nxe4 dxe4 21.
Qc4+ Kf8 22. Bh3 Bh7 23. Ne6+ Rxe6 24. Qxe6 Na6 25. Bf5 Re8 26. Qd6+ Kg8 27.
Bg6 Bxg6 28. Qxg6 Rf8 29. Re2 Qxd4 30. Qxe4 Qb6 31. a3 Nc7 32. Rae1 Nd5 33.
Qe6+ Kh8 34. Qg6 Qd4 35. Kh1 Nf6 36. h3 Qd5+ 37. Kg1 Qd4 38. Qc2 Qd7 39. Kh2
Nh7 40. Re7 Qd4 41. Re8 Kg8 42. Qb3+ Qd5 43. Qxd5+ cxd5 44. R1e7 Rxe8 45. Rxe8+
Kf7 46. Rb8 b6 47. Rb7+ Kf6 48. Rxa7 d4 49. Kg2 Ng5 50. Rd7 Ke5 51. f4+ 1-0

[Event "Bois Colombes II-Sautron"]
[Site "Sautron"]
[Date "2008.03.16"]
[Round "9.5"]
[White "Toma, Michal"]
[Black "Levasseur, Philippe"]
[Result "1/2-1/2"]
[WhiteElo "2206"]
[BlackElo "2182"]
[PlyCount "73"]
[EventDate "2008.03.16"]
[SourceDate "2007.10.25"]

1. e4 e6 2. d4 d5 3. Nd2 Be7 4. c3 dxe4 5. Nxe4 Nf6 6. Bd3 Nbd7 7. Nf3 c5 8.
Qe2 cxd4 9. Nxd4 O-O 10. O-O Nc5 11. Nxf6+ Bxf6 12. Bxh7+ Kxh7 13. Qh5+ Kg8 14.
Qxc5 b6 15. Qc4 Bb7 16. Be3 Rc8 17. Qe2 Rc5 18. Nb3 Rd5 19. f3 Qd7 20. Rfd1 Rd8
21. Rd2 Qa4 22. Rxd5 Rxd5 23. Nd4 Ba6 24. Qe1 e5 25. Nb3 e4 26. fxe4 Qxe4 27.
Bd4 Qxe1+ 28. Rxe1 Bg5 29. Re8+ Kh7 30. Kf2 Rf5+ 31. Kg3 Kg6 32. h4 Bh6 33. Re1
Bc4 34. Kh2 Rb5 35. Re7 Bxb3 36. axb3 Rxb3 37. Rxa7 {suite illisible} 1/2-1/2

[Event "Bois Colombes II-Sautron"]
[Site "Sautron"]
[Date "2008.03.16"]
[Round "9.6"]
[White "Rate, Bruno"]
[Black "Choisy, Mathilde"]
[Result "0-1"]
[WhiteElo "2105"]
[BlackElo "2102"]
[PlyCount "64"]
[EventDate "2008.03.16"]
[SourceDate "2007.10.25"]

1. d4 g6 2. e4 Bg7 3. Nc3 c6 4. Nf3 d6 5. h3 Nf6 6. a4 Qc7 7. Bf4 Nbd7 8. Bc4
O-O 9. O-O e5 10. dxe5 dxe5 11. Be3 b6 12. Qd2 a6 13. Ng5 Rb8 14. Bb3 Nc5 15.
Bxc5 bxc5 16. a5 h6 17. Nf3 Rb4 18. Qe2 Nh5 19. Nd2 Nf4 20. Qe3 Qe7 21. Kh2 Be6
22. Bxe6 Nxe6 23. b3 Nd4 24. Ra2 Bf6 25. g3 Rd8 26. Na4 Bg5 27. f4 exf4 28.
gxf4 Nf5 29. Qe2 Bxf4+ 30. Rxf4 Qe5 31. Qf2 Rxd2 32. Qxd2 Rxe4 0-1

[Event "Bois Colombes II-Sautron"]
[Site "Sautron"]
[Date "2008.03.16"]
[Round "9.7"]
[White "L'Henoret, Thierry"]
[Black "Sorin, Baptiste"]
[Result "1/2-1/2"]
[WhiteElo "2112"]
[BlackElo "2145"]
[PlyCount "35"]
[EventDate "2008.03.16"]
[SourceDate "2007.10.25"]

1. d4 d5 2. Nf3 Nf6 3. e3 e6 4. Bd3 Be7 5. Nbd2 O-O 6. O-O b6 7. Ne5 c5 8. c3
Bb7 9. Qe2 Nbd7 10. f3 Qc7 11. Nxd7 Nxd7 12. f4 Rfe8 13. Rf3 Nf8 14. Rh3 f6 15.
Qh5 g6 16. Bxg6 hxg6 17. Qh8+ Kf7 18. Rh7+ 1/2-1/2

[Event "Bois Colombes II-Sautron"]
[Site "Sautron"]
[Date "2008.03.16"]
[Round "9.8"]
[White "Desnoes, Anne Laure"]
[Black "Plane, Boris"]
[Result "0-1"]
[WhiteElo "1499"]
[BlackElo "2120"]
[PlyCount "54"]
[EventDate "2008.03.16"]
[SourceDate "2007.10.25"]

1. e4 e5 2. Nf3 Nc6 3. Bb5 a6 4. Ba4 Nf6 5. d3 b5 6. Bb3 Bb7 7. Ng5 d5 8. exd5
Nd4 9. c4 Bb4+ 10. Nc3 O-O 11. O-O c6 12. Nf3 cxd5 13. Nxe5 Qc7 14. Re1 Rae8
15. Bf4 Bd6 16. Nxd5 Nxd5 17. cxd5 Bxe5 18. Rc1 Qd6 19. Be3 Nxb3 20. axb3 Qxd5
21. f3 Re6 22. Bc5 Rfe8 23. d4 Bxd4+ 24. Bxd4 Rxe1+ 25. Qxe1 Rxe1+ 26. Rxe1
Qxd4+ 27. Kh1 Kf8 0-1

[Event "Sautron-Gif sur Yvette"]
[Site "Sautron"]
[Date "2008.04.05"]
[Round "10.2"]
[White "Seret, Jean Luc"]
[Black "Tripoteau, Nicolas"]
[Result "1/2-1/2"]
[WhiteElo "2378"]
[BlackElo "2347"]
[PlyCount "54"]
[EventDate "2008.04.05"]
[SourceDate "2007.10.25"]

1. e4 c5 2. Nf3 d6 3. c3 Nf6 4. h3 Nc6 5. Bd3 g6 6. O-O Bg7 7. Bc2 O-O 8. d4
cxd4 9. cxd4 Nb4 10. Bb3 d5 11. e5 Ne4 12. Nc3 Nxc3 13. bxc3 Nc6 14. Bf4 Na5
15. Qd2 Be6 16. Bh6 Rc8 17. Rfe1 Rc6 18. Ba4 Rb6 19. Qf4 f6 20. Bxg7 Kxg7 21.
Re2 f5 22. h4 h6 23. h5 g5 24. Nxg5 hxg5 25. Qxg5+ Kh8 26. Qh6+ Kg8 27. Qg5+
Kh8 1/2-1/2

[Event "Sautron-Gif sur Yvette"]
[Site "Sautron"]
[Date "2008.04.05"]
[Round "10.3"]
[White "Sorin, Baptiste"]
[Black "Doucet, Christian"]
[Result "1/2-1/2"]
[WhiteElo "2156"]
[BlackElo "2247"]
[PlyCount "52"]
[EventDate "2008.04.05"]
[SourceDate "2007.10.25"]

1. e4 c6 2. d4 d5 3. Nc3 dxe4 4. Nxe4 Bf5 5. Ng3 Bg6 6. f4 e6 7. Nf3 Bd6 8. h4
h6 9. h5 Bh7 10. Bd3 Bxd3 11. Qxd3 Nf6 12. Bd2 Nbd7 13. O-O-O Qc7 14. Ne5 Rf8
15. Ne4 Nxe4 16. Qxe4 Nf6 17. Qf3 O-O-O 18. g4 Nd5 19. Rhg1 c5 20. dxc5 Bxc5
21. Rge1 Bb4 22. Re4 Bxd2+ 23. Rxd2 Kb8 24. Red4 a6 25. Kb1 Ka8 26. c4 Nb6
1/2-1/2

[Event "Sautron-Gif sur Yvette"]
[Site "Sautron"]
[Date "2008.04.05"]
[Round "10.4"]
[White "Dubois, Jean Marie"]
[Black "Stephan, Jean Marie"]
[Result "1-0"]
[WhiteElo "2252"]
[BlackElo "2218"]
[PlyCount "111"]
[EventDate "2008.04.05"]
[SourceDate "2007.10.25"]

1. c4 c6 2. e4 e5 3. Nf3 d6 4. d4 Nd7 5. Nc3 Ngf6 6. Be2 Be7 7. O-O O-O 8. Re1
Re8 9. Qc2 Qc7 10. d5 a5 11. h3 Nc5 12. Be3 Bd7 13. Bxc5 dxc5 14. Nd2 h6 15.
Nf1 Nh7 16. Bg4 Bg5 17. Bxd7 Qxd7 18. Rad1 Nf8 19. Na4 Qd6 20. Qb3 Rab8 21. Nc3
b6 22. Qc2 cxd5 23. cxd5 b5 24. a4 bxa4 25. Nxa4 Nd7 26. b3 Rb4 27. Nb2 Reb8
28. Rd3 Qb6 29. Nc4 Qb5 30. Ra1 Ra8 31. Ra4 Kh7 32. Rc3 Rxa4 33. bxa4 Qb4 34.
Nd6 f6 35. Rc4 Qe1 36. g3 Rb8 37. Nb5 h5 38. Kg2 h4 39. Rc3 hxg3 40. Rxg3 Nf8
41. h4 Bh6 42. h5 Nd7 43. Rb3 Qc1 44. Qe2 Qf4 45. Ng3 f5 46. Nxf5 Nf6 47. Ng3
Qg5 48. Qf3 Rf8 49. Nd6 c4 50. Nxc4 Nd7 51. Qe2 Nf6 52. Rf3 Rb8 53. Rf5 Qh4 54.
Nxe5 Ne8 55. Ng6 Qd8 56. Rf8 1-0

[Event "Sautron-Gif sur Yvette"]
[Site "Sautron"]
[Date "2008.04.05"]
[Round "10.5"]
[White "Levasseur, Philippe"]
[Black "Seret, Jean Renaud"]
[Result "1/2-1/2"]
[WhiteElo "2182"]
[BlackElo "2199"]
[PlyCount "115"]
[EventDate "2008.04.05"]
[SourceDate "2007.10.25"]

1. c4 e5 2. g3 Nc6 3. Bg2 f5 4. Nc3 Nf6 5. d3 g6 6. e4 Bg7 7. Nge2 O-O 8. O-O
d6 9. Nd5 Ne7 10. Nxf6+ Bxf6 11. d4 c6 12. dxe5 dxe5 13. Nc3 Be6 14. Qe2 Qc7
15. b3 f4 16. Bb2 g5 17. g4 Ng6 18. f3 Be7 19. Na4 Bb4 20. a3 Be7 21. b4 b5 22.
cxb5 cxb5 23. Rfc1 Bc4 24. Qf2 a5 25. Nb6 Rab8 26. Nxc4 bxc4 27. Bf1 axb4 28.
Rxc4 Qb6 29. axb4 Bxb4 30. Qxb6 Rxb6 31. Ra7 Bd6 32. Bc3 Nh4 33. Kf2 Rfb8 34.
Bd3 R8b7 35. Rxb7 Rxb7 36. Rc6 Rc7 37. Bc4+ Kf8 38. Rxd6 Rxc4 39. Rd3 Ke7 40.
Ba5 Rc2+ 41. Rd2 Rc8 42. Bb4+ Ke6 43. Rd6+ Kf7 44. Rd3 Rc1 45. Be1 Ke6 46. Kf1
Rb1 47. Kf2 Rb2+ 48. Bd2 Ra2 49. h3 Rb2 50. Ke2 Rb1 51. Be1 Ng2 52. Bf2 Rh1 53.
Ra3 Rxh3 54. Ra6+ Kd7 55. Ra7+ Kc6 56. Ra6+ Kd7 57. Ra7+ Kc6 58. Ra6+ 1/2-1/2